Loading...
P.P.Ramachandrante kavithakal /
| Main Author: | |
|---|---|
| Format: | Printed Book |
| Language: | English |
| Published: |
Kozhikode:
Mathrubhumi Books,
c2015.
|
| Subjects: |
| LEADER | 00541 a2200157 4500 | ||
|---|---|---|---|
| 008 | 150103s9999 000 0 eng | ||
| 020 | |a 9788182664289 | ||
| 082 | |a 811.87 | ||
| 100 | |a Ramachandran, P.P. | ||
| 245 | |a P.P.Ramachandrante kavithakal / | ||
| 260 | |a Kozhikode: |b Mathrubhumi Books, |c c2015. | ||
| 300 | |a 317 p. | ||
| 650 | |a Malayalam poems | ||
| 942 | |c BK | ||
| 999 | |c 308582 |d 308582 | ||
| 952 | |0 0 |1 0 |2 ddc |4 0 |6 811_870000000000000_RAM_RA |7 0 |9 354143 |a DRA |b DRA |c ST1 |d 2018-01-16 |i 10239 |l 0 |o 811.87 RAM/RA |p DRA10239 |r 2019-01-03 |v 250.00 |w 2019-01-03 |y BK | ||